<?xml version="1.0" encoding="UTF-8"?>
<record
    xmlns:xsi="http://www.w3.org/2001/XMLSchema-instance"
    xsi:schemaLocation="http://www.loc.gov/MARC21/slim http://www.loc.gov/standards/marcxml/schema/MARC21slim.xsd"
    xmlns="http://www.loc.gov/MARC21/slim">

  <leader>00703nam a22001937a 4500</leader>
  <datafield tag="999" ind1=" " ind2=" ">
    <subfield code="c">187630</subfield>
    <subfield code="d">187630</subfield>
  </datafield>
  <controlfield tag="005">20220426144313.0</controlfield>
  <datafield tag="010" ind1=" " ind2=" ">
    <subfield code="a">UR-11527</subfield>
  </datafield>
  <datafield tag="020" ind1=" " ind2=" ">
    <subfield code="c">250.00</subfield>
    <subfield code="a">-</subfield>
  </datafield>
  <datafield tag="035" ind1=" " ind2=" ">
    <subfield code="a">U-10082</subfield>
  </datafield>
  <datafield tag="037" ind1=" " ind2=" ">
    <subfield code="b">DBAD/PUB</subfield>
    <subfield code="a">-</subfield>
  </datafield>
  <datafield tag="082" ind1=" " ind2=" ">
    <subfield code="a">270.920</subfield>
    <subfield code="2">Ist</subfield>
  </datafield>
  <datafield tag="100" ind1=" " ind2=" ">
    <subfield code="a">&#x642;&#x627; &#x636;&#x6CC; &#x627; &#x633;&#x62F; &#x62B;&#x646;&#x627; &#x200F;&#x626;</subfield>
  </datafield>
  <datafield tag="245" ind1=" " ind2=" ">
    <subfield code="a">&#x637;&#x646;&#x632; &#x648; &#x645;&#x632; &#x627; &#x62D; &#x646;&#x6AF;&#x627; &#x631; &#x6CC; &#x645;&#x64A;&#x6BA; &#x641;&#x6A9;&#x631; &#x62A;&#x648; &#x646;&#x633;&#x648; &#x6CC; &#x6A9;&#x627; &#x62D;&#x635;&#x6C1;</subfield>
    <subfield code="c"> &#x631; &#x636;&#x648; &#x627; &#x646;&#x6C1; &#x628;&#x64A;&#x6AF;&#x645;</subfield>
    <subfield code="h">&#x627; &#x631; &#x62F; &#x648; </subfield>
  </datafield>
  <datafield tag="246" ind1=" " ind2=" ">
    <subfield code="b">Khutbath-e-Ansaar (Urdu)</subfield>
    <subfield code="a">by Rizwana Begum</subfield>
  </datafield>
  <datafield tag="260" ind1=" " ind2=" ">
    <subfield code="a">Hyderabad</subfield>
    <subfield code="b">Al-Ansar Publications</subfield>
    <subfield code="c">2021 &#x621;  </subfield>
  </datafield>
  <datafield tag="270" ind1=" " ind2=" ">
    <subfield code="a">18-8-253/36A,Jamal Colony, Riasat Nagar,</subfield>
    <subfield code="b">Hyderabad</subfield>
    <subfield code="e">59</subfield>
    <subfield code="k">09391301192</subfield>
    <subfield code="l">-</subfield>
  </datafield>
  <datafield tag="300" ind1=" " ind2=" ">
    <subfield code="a">208 &#x635;</subfield>
    <subfield code="c">22 Cm(Hb)</subfield>
  </datafield>
  <datafield tag="942" ind1=" " ind2=" ">
    <subfield code="2">ddc</subfield>
    <subfield code="c">UR</subfield>
    <subfield code="h">270.920</subfield>
    <subfield code="m">&#x627; &#x633; &#x62F; </subfield>
  </datafield>
</record>
